Bankruptcy and judicial liquidation: proceedings; Conference; Palais de l'Europe, Strasbourg, 10 - 13 October 1994

Saved in:  
Bibliographic Details
Corporate Author: Europarat (Other)
Format: Print Book
Language:English
Published: Strasbourg Council of Europe Publ. 1996
In:Year: 1996
Availability in Tübingen:Present in Tübingen.
UB: KB 8 E 6253
Check availability: HBZ Gateway
Subito Delivery Service: Order now.
Keywords:

MARC

LEADER 00000cam a2200000 c 4500
001 257735887
003 DE-627
005 20251222211506.0
007 tu
008 960627s1996 fr ||||| 00| ||eng c
020 |a 9287130302  |9 92-871-3030-2 
035 |a (DE-627)257735887 
035 |a (DE-576)052768627 
035 |a (DE-599)GBV257735887 
035 |a (OCoLC)833079817 
035 |a (OCoLC)35086444 
035 |a (DE-604)8108138038 
040 |a DE-627  |b ger  |c DE-627  |e rakwb 
041 |a eng 
044 |c XA-FR 
082 0 |a 346.4078 
084 |a PS 4060  |2 rvk  |0 (DE-625)rvk/139830: 
245 0 0 |a Bankruptcy and judicial liquidation  |b proceedings; Conference; Palais de l'Europe, Strasbourg, 10 - 13 October 1994  |c organised by the Council of Europe 
246 3 3 |a La faillite de la liquidation judiciaire 
264 1 |a Strasbourg  |b Council of Europe Publ.  |c 1996 
300 |a 94 S. 
336 |a Text  |b txt  |2 rdacontent 
337 |a ohne Hilfsmittel zu benutzen  |b n  |2 rdamedia 
338 |a Band  |b nc  |2 rdacarrier 
490 0 |a Demo-droit programme 
500 |a Franz. Ausg. u.d.T.: La faillite et la liquidation judiciaire 
505 8 |a Enth. 5 Beitr. 
583 1 |a Archivierung prüfen  |c 20240324  |f DE-4165  |z 1  |2 pdager 
648 7 |8 1.7\x  |a 10.10.1994  |2 stw 
650 7 |8 1.1\x  |a Insolvenz  |0 (DE-627)091401992  |0 (DE-2867)12302-3  |2 stw 
650 7 |8 1.2\x  |a Europa  |0 (DE-627)091358523  |0 (DE-2867)16815-3  |2 stw 
650 7 |8 1.3\x  |a Deutschland  |0 (DE-627)091354749  |0 (DE-2867)18012-3  |2 stw 
650 7 |8 1.4\x  |a Frankreich  |0 (DE-627)091361060  |0 (DE-2867)17255-3  |2 stw 
650 7 |8 1.5\x  |a Japan  |0 (DE-627)091369282  |0 (DE-2867)17568-3  |2 stw 
650 7 |8 1.6\x  |a Spanien  |0 (DE-627)091390672  |0 (DE-2867)17161-5  |2 stw 
655 4 |0 (DE-206)13  |a Amtsdruckschrift  |5 DE-206 
655 4 |0 (DE-206)34  |a Graue Literatur  |5 DE-206 
655 7 |a Konferenzschrift  |y 1994  |z Straßburg  |0 (DE-588)1071861417  |0 (DE-627)826484824  |0 (DE-576)433375485  |2 gnd-content 
689 0 0 |d s  |0 (DE-588)4032148-4  |0 (DE-627)106262769  |0 (DE-576)208995781  |a Konkurs  |2 gnd 
689 0 1 |d s  |0 (DE-588)4131971-0  |0 (DE-627)105691216  |0 (DE-576)209631651  |a Liquidation  |2 gnd 
689 0 2 |d s  |0 (DE-588)4115712-6  |0 (DE-627)104262664  |0 (DE-576)209495464  |a Rechtsvergleich  |2 gnd 
689 0 |5 (DE-627) 
710 2 |a Europarat  |0 (DE-588)36821-0  |0 (DE-627)10084457X  |0 (DE-576)190348828  |4 oth 
889 |w (DE-627)223354562 
935 |i mdedup 
935 |i Blocktest 
936 r v |a PS 4060  |b Einzeldarstellungen  |k Rechtswissenschaft  |k Europarecht; Recht der Europäischen Gemeinschaften bzw. der Europäischen Union und der sonstigen europäischen Organisationen; Europäische Rechtsvereinheitlichung  |k Europarat  |k Einzeldarstellungen  |0 (DE-627)1270715372  |0 (DE-625)rvk/139830:  |0 (DE-576)200715372 
951 |a BO 
ELC |b 1 
LOK |0 000 xxxxxcx a22 zn 4500 
LOK |0 001 312725833X 
LOK |0 003 DE-627 
LOK |0 004 257735887 
LOK |0 005 20020612000000 
LOK |0 008 960701||||||||||||||||ger||||||| 
LOK |0 040   |a DE-21  |c DE-627  |d DE-21 
LOK |0 852   |a DE-21 
LOK |0 852 1  |c KB 8 E 6253  |9 00 
LOK |0 935   |a krim 
LOK |0 936ln  |a k10.5.4 
LOK |0 939   |a 01-07-96  |b l01 
ORI |a SA-MARC-krimdoka001.raw 
SIG |a UB: KB 8 E 6253 
TIM |a 100019940101_100019941231  |b 1994 - 1994